[Event "AUT-ch U18 Online Rapid"]
[Site "Playchess.com INT"]
[Date "2020.12.13"]
[Round "3"]
[White "Hottenroth, Jonas"]
[Black "Horvath, Dominik"]
[Result "0-1"]
[WhiteElo "1804"]
[BlackElo "2222"]
[PlyCount "32"]
[EventDate "2020.12.13"]
[EventType "swiss (rapid)"]
[EventRounds "7"]
[EventCountry "AUT"]
[SourceTitle "EXT 2022"]
[Source "ChessBase"]
[SourceDate "2021.10.06"]
[SourceVersion "1"]
[SourceVersionDate "2021.10.06"]
[SourceQuality "1"]

1. Nf3 e6 2. g3 f5 3. Bg2 Nf6 4. d4 Be7 5. c4 d5 6. b3 Ne4 7. 0-0 Nc6 8. Ba3 Bf6 9. e3 h5 10. Nfd2 h4 11. Nxe4 dxe4 12. Nc3 hxg3 13. fxg3 Nxd4 14. exd4 Qxd4+ 15. Kh1 Qxc3 16. Qe2 Qxg3 0-1